00356 a2200097 4500001001000000005001700010008004100027245011300068100002600181773005100207ART_4331520260410161709.0260409a 10aEl pago de honorarios judiciales por el Estado, el plazo para su ejecución y los efectos de la inflación1 aSpisso, Rodolfo Roque0 tRevista Impuestosg- Nº 5 (mayo 2017)wREV639